000 00698nam a2200253Ia 4500
003 OSt
005 20220918191756.0
006 a|||||r|||| 00| 0
007 ta
008 220917b |||||||| |||| 00| 0 eng d
024 _a64,981
037 _cTextual
040 _aARTS
_cARTS
_beng
041 _2eng
_aeng
082 _aQ4v, L8
100 _aPratap Chandra
_977161
245 0 _aMetaphysics of perpetual change
_b the concept of self in early Buddhism
260 _aBombay
_bSomaiya Pub
_c1978
300 _axii,275p.
_ccm.
500 _aBib 252-55p; Glossary 256-68p
650 _aRELIGION
942 _hQ4v, L8
_cTEXL
_2CC
999 _c191319
_d191319